000 00748nam a22002297a 4500
001 66858
003 UA-OsUOA
005 20210728150144.0
007 ta
008 20100129b un ||||| |||| 00| 0 ukr d
020 _a0920092063
040 _aUA-OsUOA
_bukr
_cUA-OsUOA
_dUA-OsUOA
041 _aukr
080 _a355.35(477)
090 _a355.35(477)
_bЛ64
245 _aЛітопис Української Повстанської Армії
_nКн. 1
_pДенники відділу "Бурлаки"
260 _aТоронто
_bЛітопис УПА
_c1986
300 _a340 с.
650 7 _a35 Державно-адміністративне управління. Військова справа
_2UDC
942 _cBK
_2udc
955 _a1
999 _c353018
_d353018